Statystyki dla Nazwij pasujące państwo #6

Kliknij tutaj aby rozwiązać quiz!

Ogólne statystyki

  • Ten quiz został rozwiązany 15 495 razy
  • Średni wynik to 12 z 20

Statystyki odpowiedzi

Nazwij państwo...Państwo% Poprawnych
które ma tereny w Himalajach:Afganistan | Bhutan | Chiny | Indie | Nepal | Pakistan
94%
którego liczba ludności znajduje się w przedziale od 100 do 200 milionów:Bangladesz | Demokratyczna Republika Konga | Egipt | Etiopia | Filipiny | Japonia | Meksyk | Rosja
94%
które jest mniejsze niż Liechtenstein, ale większe niż Watykan:
Monako | Nauru | San Marino | Tuvalu
88%
które ma broń nuklearną, ale jej posiadanie przez to państwo nie jest akceptowane przez prawo międzynarodowe:
Indie | Izrael | Korea Północna | Pakistan
82%
które najechało na Stany Zjednoczone:Japonia | Meksyk | Wielka Brytania
81%
leżące na Haiti:Dominikana | Haiti
80%
leżące nad Morzem Kaspijskim:Azerbejdżan | Iran | Kazachstan | Rosja | Turkmenistan
74%
które leży w Karaibach i jego nazwa zaczyna się od "Saint":Saint Kitts i Nevis | Saint Lucia | Saint Vincent i Grenadyny
70%
które ma roszczenia terytorialne na Antarktydzie:Argentyna | Australia | Chile | Francja | Norwegia | Nowa Zelandia | Wielka Brytania
68%
którego większość ludności to wyznawcy buddyzmu:Bhutan | Kambodża | Laos | Mjanma | Mongolia | Sri Lanka | Tajlandia
68%
którego nazwa zaczyna się na literę, na którą nie zaczyna się nazwa żadnego innego państwa:Łotwa | Oman | Vanuatu
65%
na którego terytorium leży pustynia Gobi:Chiny | Mongolia
60%
które leży nad Oceanem Indyjskim i Oceanem Spokojnym:Australia | Indonezja | Malezja | Tajlandia | Timor Wschodni
56%
w którym leży starożytne miasto znane jako Teby:Egipt | Grecja
53%
którego stolica zaczyna się na "H":Finlandia | Kuba | Wietnam | Wyspy Salomona | Zimbabwe
52%
które graniczy z Burundi:Demokratyczna Republika Konga | Rwanda | Tanzania
46%
na którego fladze znajduje się tylko zielony i czerwony:Bangladesz | Maroko
35%
na którego terytorium leży Kalahari:Botswana | Namibia | Republika Południowej Afryki
32%
które graniczy z jednym z terytoriów zamorskich Wielkiej Brytanii:Cypr | Hiszpania
29%
które produkuje więcej srebra niż Chiny:Meksyk | Peru
24%

Rozkład punktacji

Percentyl według liczby udzielonych odpowiedzi

Procent ludzi z każdym wynikiem

Twoja historia wyników

Nie rozwiązałeś tego quizu